00397nam a2200157Ia 4500003000400000008004100004040001600045082001300061100001800074245004200092260004200134300000800176650001500184650001600199650002400215GCL140319s9999 xx 000 0 eng d aGCL / cGCL04a759bS M1 aSPIES, WERNER10aMAX ERNST FROTTAGES / cSPIES, WERNER a[S.N] : bTHAMES AND HUDSON ، c1986 a11104aERNST, MAX04aSURREALISTS04aMAX ERNST FROTTAGES